| 000 | 00448nab a2200145Ia 4500 | ||
|---|---|---|---|
| 003 | ES-SlBCS | ||
| 005 | 20210601131742.0 | ||
| 008 | 140529s1932 xxu||||| |||| 00| 0 fre d | ||
| 041 | _afre | ||
| 100 | 1 |
_aChirol, Pierre _9188575 |
|
| 245 | 0 | 0 |
_aThéorie sur la construction des Églises _c Pierre Chirol |
| 650 | 0 | 4 |
_aConstrucción de Iglesias _9188576 |
| 773 | 0 |
_tVie Intelectuelle (La) _gvol. 17, nº. 2, 1932, págs. 322-334 _wRev907 |
|
| 942 | _cAR | ||
| 999 |
_c568182 _d568182 |
||